banner koha

Revista Pet Food Brasil (Brazil) (Registro n. 299365)

MARC details
000 -LÍDER
campo de controle de tamanho fixo 00668nam a22002177a 4500
003 - IDENTIFICADOR DO NÚMERO DE CONTROLE
campo de controle BR-BrBNA
005 - DATA E HORÁRIO DA ÚLTIMA TRANSAÇÃO
campo de controle 20240429141459.0
008 - CAMPO DE DADOS FIXOS--INFORMAÇÃO GERAL
campo de controle de tamanho fixo 240429b bl.||||| |||| 00| 0 por d
035 ## - NÚMERO DE CONTROLE DO SISTEMA
Número de Controle do Sistema 000485-5
040 ## - FONTE DA CATALOGAÇÃO
Instituição da catalogação original BR-BrBNA
Idioma da catalogação por
Instituição que transcreveu o registro BR-BrBNA
245 ## - TÍTULO
Título Revista Pet Food Brasil (Brazil)
260 ## - PUBLICAÇÃO, DISTRIBUIÇÃO, ETC.
Local de publicação, distribuição, etc. São Paulo, SP
Nome do editor, distribuidor, etc. Editora Stilo
270 ## - ENDEREÇO
Endereço Rua Leôcio de Carvalho, 303 Conj 101
Cidade São Paulo
Estado ou província SP
País Brasil
Código postal (CEP) 04003-010
Número de telefone (11) 2384-0047
310 ## - FREQUÊNCIA ATUAL DA PUBLICAÇÃO
Frequência atual de publicação Bimestral
505 ## - NOTA DE CONTEÚDO FORMATADO
Nota de conteúdo formatado 2018 10(56); 2018 10(59); 2019 11(62);
650 ## - ASSUNTO--TERMO TÓPICO
Fonte do cabeçalho ou termo Thesaurus Agrícola Nacional
650 ## - ASSUNTO--TERMO TÓPICO
Cabeçalho tópico seguindo nome geográfico NUTRIÇÃO ANIMAL
650 ## - ASSUNTO--TERMO TÓPICO
Cabeçalho tópico seguindo nome geográfico RAÇÃO
650 ## - ASSUNTO--TERMO TÓPICO
Cabeçalho tópico seguindo nome geográfico SAUDE ANIMAL
942 ## - ELEMENTOS DE ENTRADA ADICIONADOS (KOHA)
Tipo de material Koha Periódicos
Fonte da classificação ou esquema de arquivamento na estante Classificação AGRIS
Exemplares
Situação do descarte Fonte da classificação ou esquema de arquivamento na estante Situação física Não pode ser emprestado Coleção Biblioteca de origem Biblioteca atual Enumeração do periódico / cronologia Total de empréstimos Código de barras Data de último acesso Tipo de material Koha Situação das perdas Data de aquisição Fonte de aquisição Qualificador de local codificado Custo, preço normal de compra Número do inventário Custo, preço de reposição Preço efetivo de
  Classificação AGRIS     Periódicos agrícolas Biblioteca Nacional de Agricultura - Binagri Biblioteca Nacional de Agricultura - Binagri 2018 v, 10(56), (May-Jun)   2024-1143 29/04/2024 Periódicos                
  Classificação AGRIS     Periódicos agrícolas Biblioteca Nacional de Agricultura - Binagri Biblioteca Nacional de Agricultura - Binagri 2018 v, 10(59), (Nov-Dec)   2024-1144 29/04/2024 Periódicos                
  Classificação AGRIS     Periódicos agrícolas Biblioteca Nacional de Agricultura - Binagri Biblioteca Nacional de Agricultura - Binagri 2019 v, 11(62), (May-Jun)   2024-1145 29/04/2024 Periódicos                

BINAGRI

Telefone: (61)3218-2567/2388/3357/2097 - binagri@agro.gov.br

Ministério da Agricultura e Pecuária , Esplanada dos Ministérios, Bloco D, Anexo B, Brasília/DF, CEP: 70.043-900